00319nam a2200121Ia 4500008004100000020001500041082001600056100002100072245005700093260002900150300000800179650001000187140316s9999 xx 000 0 und d a8126405678 a920bGEO/SU aWeinberg ,George aSushakthamaya Vyakthithwathinulla Prayogika Vazhikal aKottayambDC Booksc2010 a195 anovel